000 00662nam a2200205Ia 4500
005 20260121110255.0
008 008 260114s9999 xx 000 0 hin d
020 _a9788132352310
037 _aEBOOK
040 _aCRL
_bhin
_cCRL
041 _ahin
_2hin
084 _qCRL
100 _aसुमन चौधरी / Suman Chaudhary
_9944161
245 0 _aमानवाधिकार और आतंकवाद / Manavadhikar aur Aatankwad
260 _bभाषा प्रकाशन / Bhasha Prakashan
_c2020
856 _uhttps://bhashaprakashan.com/product-details/378571
942 _cEBOOK
999 _c1535825
_d1535825